000 004420000a22001810004500
003 MACL
005 20151004151633.0
008 151004b xxu||||| |||| 00| 0 eng d
040 _aMACL
_cMACL
041 _aEnglish
082 _a910/HAS
100 _aHassnain, F M
_913716
245 _aHeritage of Kashmir
260 _bGulshan Books
_c2007
_aKashmir
350 _a625
650 _aTravel & Geography
_913442
942 _cBK
_k910/HAS
_2ddc
999 _c42624
_d42624